Akaaryan (Record no. 354295)

MARC details
000 -LEADER
fixed length control field 003920000a22001810004500
005 - DATE AND TIME OF LATEST TRANSACTION
control field 20120302061550.0
040 ## - CATALOGING SOURCE
Original cataloging agency MAR
100 ## - MAIN ENTRY--PERSONAL NAME
Personal name Kulkarni,Milind
245 ## - TITLE STATEMENT
Title Akaaryan
260 ## - PUBLICATION, DISTRIBUTION, ETC. (IMPRINT)
Place of publication, distribution, etc Dombivli:Ujjwal Prakaashan,1996.
300 ## - PHYSICAL DESCRIPTION
Extent 44p.
365 ## - TRADE PRICE
Price amount 25/-
650 ## - SUBJECT ADDED ENTRY--TOPICAL TERM
Topical term or geographic name as entry element Aarogya
650 ## - SUBJECT ADDED ENTRY--TOPICAL TERM
Topical term or geographic name as entry element Vyaayaam
650 ## - SUBJECT ADDED ENTRY--TOPICAL TERM
Topical term or geographic name as entry element Suryanamaskaar
650 ## - SUBJECT ADDED ENTRY--TOPICAL TERM
Topical term or geographic name as entry element Baaraa Naave-Surya
942 ## - ADDED ENTRY ELEMENTS (KOHA)
Koha item type Book
Holdings
Withdrawn status Lost status Damaged status Not for loan Home library Current library Date acquired Total Checkouts Barcode Date last seen Price effective from
        Institute For Oriental Study, Thane Institute For Oriental Study, Thane 12/02/2009   IOS-16178 12/02/2009 12/02/2009